01423cam a2200373 a 4500001001400000003000800014005001700022006001900039007001500058008004100073020003800114040003000152049002600182050002200208082001400230100002300244245007700267260005200344300003500396520020000431504005100631521001700682588004700699650001200746650003900758650001900797655002900816700003200845710001600877776003500893856008600928942001601014999001901030EDZ0000085595StDuBDS20161031105129.0m||||||||d||||||||cr |||||||||||120522s2012 cau fo| 001|0|eng|d a9781446251775 (ebook) :cNo price aStDuBDSbengcStDuBDSepn aAlfaisal Main Library 0aHV7921b.B46 201204a363.22231 aBowling, Benjamin.10aGlobal policingh[electronic resource] /cBen Bowling & James Sheptycki. aLos Angeles, [Calif.] ;aLondon :bSAGE,c2012. a1 online resource (xi, 180 p.)8 aWritten by two of the leading names in the field, this book is an international critical analysis of the globalization of policing and its impact on contemporary criminology and criminal justice. aIncludes bibliographical references and index. aSpecialized. aDescription based on print version record. 0aPolice. 0aPolicexInternational cooperation. 0aGlobalization. 7aElectronic books.2local1 aSheptycki, J. W. E.,d1960-2 aSage eBooks08iPrint version :z978184920082040uhttp://ezproxy.alfaisal.edu/login?url=http://sk.sagepub.com/books/global-policing 2lcccEBOOKS c479975d479975